Médailles d'or aux Jeux Olympiques - Statistiques

Statistiques générales
  • Ce quiz a été pris 169 fois
  • Le résultat moyen est 13 sur 15
Statistiques - réponses
Nombre de médailles d'or Pays % Correct
248 France
100%
1127 États-Unis
99%
386 Allemagne
97%
240 Chine
97%
274 Royaume-Uni
96%
194 Russie
96%
247 Italie
94%
156 Japon
94%
151 Australie
87%
202 Suède
84%
188 Norvège
82%
473 Union Soviétique
81%
144 Finlande
73%
192 Allemagne de l'Est
56%
176 Hongrie
47%
Aucun quiz correspondant
Distribution des résultats
% des personnes avec chaque résultat
Percentile par nombre de réponses
Votre historique - résultats
Vous n’avez pas pris ce quiz